La responsabilidad de la administración pública en Colombia, España, Francia e Italia (Registro nro. 313584)

Detalles MARC
000 -ENCABEZADO
Número de control [NR] 00671 a2200169 4500
005 - FECHA Y HORA DE LA ÚLTIMA TRANSACCIÓN
control field 20190806102702.0
008 - DE LONGITUD FIJA DE DATOS DE ELEMENTOS - INFORMACIÓN GENERAL
Elementos de longitud fija [NR] 190713b1986 ck ||||| |||| 00| 0 spa d
020 ## - NUMERO INTERNACIONAL NORMALIZADO PARA LIBROS [R]
Número Internacional Normalizado del libro [NR] 9586160734
040 ## - FUENTE DE CATALOGACION [NR]
Agencia de catalogación original [NR] CO-BoUCM
Idioma de catalogación [NR] spa
Quien Cataloga Juan Jose Mateus
Quien Clasifica Juan Jose Mateus
041 0# - CODIGO DE IDIOMA [R]
Código de idioma para texto/pista de sonido o título separado [R] Español
245 03 - MENCION DE TITULO [NR]
Título [NR] La responsabilidad de la administración pública en Colombia, España, Francia e Italia
Mención de responsabilidad, etc. [NR] Fernando Hinestrosa
260 ## - PUBLICACION, DISTRIBUCION, ETC. (PIE DE IMPRENTA) [R]
Fecha de publicación, distribución, etc. [R] 1986
Lugar de publicación, distribución, etc. [R] Bogotá
Nombre del editor, distribuidor, etc. [R] Universidad Externado de Colombia
650 #7 - ASIENTO SECUNDARIO DE MATERIA - TERMINO TEMATICO [R]
Término temático o nombre geográfico como elemento de entrada [NR] Administración pública
Subdivisión de forma [R] Congresos, conferencias, etc.
9 (RLIN) 45308
700 10 - ASIENTO SECUNDARIO - NOMBRE PERSONAL [R]
Nombre personal [NR] Hinestrosa, Fernando
9 (RLIN) 46097
942 ## - ELEMENTOS DE ENTRADA AGREGADOS (KOHA)
Tipo de ítem principal el descrito en 300a Libro
Sistema de clasificación DEWEY
Tema principal Administración
Edición 1
Clasificación 350.003
Parte restante de la signatura top. R434r
Título oculto en OPAC No
Existencias
Total préstamos Signatura topográfica Código de barras Última vez visto Ejemplar Costo de reposición Price effective from Tipo de ítem Perdido Sistema de clasificación Dañado No prestable Tipo de ítem específico Suprimido Ubicación habitual Ubicación actual Localización Fecha de creación Proveedor Forma de adquisición Costo
  350.003 R434r 100162094 06/12/2024 Ej.1 26000.00 17/06/2019 Libro   DEWEY     Libro   BodegaJK Claustro Préstamo 2 días después de solicitado 17/06/2019 12 Donación 0.00